|
|
|
|
| LEADER |
00000cam a2200000 a 4500 |
| 001 |
vtls001072082 |
| 003 |
SK-MaSNL |
| 005 |
20260301193514.0 |
| 008 |
240702s1993 xo g 00000 slo |
| 015 |
|
|
|a SNBA1993/07
|
| 020 |
|
|
|a 8090053904
|q (brož.)
|
| 035 |
|
|
|a SNK000014913
|
| 040 |
|
|
|a SNK
|b slo
|c SNK
|e AACR2
|
| 041 |
1 |
|
|a slo
|h fre
|
| 044 |
|
|
|a xo
|c SK
|
| 072 |
|
7 |
|a 821.133.1-3
|x Francúzska próza, francúzsky písaná
|2 konspekt
|
| 080 |
|
|
|a 178.1/.2
|2 1981
|
| 080 |
|
|
|a 840-94
|2 1981
|
| 080 |
|
|
|a 929 Duval, Lucien Aimé
|2 1981
|
| 100 |
1 |
|
|a Duval, Aimé,
|d 1918-1985
|4 aut
|9 246499
|
| 245 |
1 |
0 |
|a Prečo bola noc taká dlhá
|b Vyznanie speváka - jezuitu Luciena A. Duvala, "Chlapca, ktorý sa hral s Mesiacom"
|c Lucien Aimé Duval ; prekl. P.O. ; graf. upr. Miroslav Cipár ; aut. obál. Miroslav Cipár ; aut. dosl. Alojz Rakús, Peter Šulák
|
| 250 |
|
|
|a 1. vyd.
|
| 260 |
|
|
|a Bratislava
|b DAKA
|c 1993
|e Bratislava
|f KOMPRINT, s.r.o.
|
| 300 |
|
|
|a 126 s.
|c 18 cm
|
| 650 |
0 |
7 |
|a alkoholizmus
|2 SNKPH
|9 14184
|
| 650 |
0 |
7 |
|a alkoholici
|2 SNKPH
|9 4881
|
| 655 |
|
7 |
|a francúzske romány
|2 SNKPH
|9 70252
|
| 655 |
|
7 |
|a autobiografické romány
|2 SNKPH
|9 70327
|
| 700 |
1 |
|
|a Cipár, Miroslav,
|d 1935-2021
|4 bjd
|4 bkd
|9 111749
|
| 700 |
1 |
|
|a Rakús, Alojz,
|d 1947-2023
|4 aft
|9 110241
|
| 700 |
1 |
|
|a Šulák, Peter
|4 aft
|9 573053
|
| 700 |
1 |
|
|a P.O.
|4 trl
|9 573054
|
| 852 |
|
|
|a Slovenská národná knižnica
|
| 919 |
|
|
|a 80-900539-0-4
|
| 954 |
|
|
|a beletria cudzojazyčná (svetová)
|2 lita
|
| 958 |
|
|
|a LX
|
| 958 |
|
|
|a TL
|
| 958 |
|
|
|a NS
|
| 958 |
|
|
|a AME
|
| 958 |
|
|
|a UP
|
| 968 |
|
|
|b FR
|
| 999 |
|
|
|c 877643
|d 879573
|
| 952 |
|
|
|t P60, <04>, [BOOK], {604}
|a SNK
|b SNK
|y VYP
|7 0
|p 17A0162912
|o snkSD 65336 D1
|0 0
|1 0
|4 0
|d 1998-09-24
|l 0
|r 2004-12-31 00:00:00
|w 2026-02-24
|
| 952 |
|
|
|a SNK
|b SNK
|y PREZ
|7 0
|p 17A1034632
|o snkSD 65336
|0 0
|1 0
|4 0
|d 2013-07-19
|l 0
|r 2026-02-24 06:04:20
|w 2026-02-24
|